[Event "Rustavi 06"]
[Site "Rustavi"]
[Date "2014.07.08"]
[Round "9"]
[White "Tskitishvili, Giorgi"]
[Black "Shalamberidze, Akaki"]
[Result "1/2-1/2"]
[WhiteElo "2363"]
[BlackElo "2406"]
[PlyCount "40"]
[EventDate "2014.06.30"]
[EventType "tourn"]
[EventRounds "9"]
[EventCountry "GEO"]
[EventCategory "6"]
[SourceTitle "EXT 2016"]
[Source "ChessBase"]
[SourceDate "2015.10.08"]
[SourceVersion "1"]
[SourceVersionDate "2015.10.08"]
[SourceQuality "1"]

1. e4 c5 2. Nf3 e6 3. d4 cxd4 4. Nxd4 Nc6 5. Nb5 d6 6. c4 Nf6 7. N1c3 a6 8. Na3 d5 9. exd5 exd5 10. cxd5 Nb4 11. Be2 Nfxd5 12. 0-0 Be6 13. Qa4+ Qd7 14. Qxd7+ Bxd7 15. Nxd5 Nxd5 16. Bf3 Be6 17. Nc4 0-0-0 18. Rd1 Bc5 19. Bg5 f6 20. Bd2 Kb8 1/2-1/2

[Event "Rustavi 06"]
[Site "Rustavi"]
[Date "2014.07.07"]
[Round "8"]
[White "Sevdimaliyev, Urfan"]
[Black "Tskitishvili, Giorgi"]
[Result "1/2-1/2"]
[WhiteElo "2363"]
[BlackElo "2363"]
[PlyCount "61"]
[EventDate "2014.06.30"]
[EventType "tourn"]
[EventRounds "9"]
[EventCountry "GEO"]
[EventCategory "6"]
[SourceTitle "EXT 2016"]
[Source "ChessBase"]
[SourceDate "2015.10.08"]
[SourceVersion "1"]
[SourceVersionDate "2015.10.08"]
[SourceQuality "1"]

1. d4 d5 2. c4 c6 3. Nf3 Nf6 4. Nc3 dxc4 5. a4 Bf5 6. Ne5 Nbd7 7. Nxc4 Nb6 8. Ne5 a5 9. f3 Nfd7 10. Nxd7 Nxd7 11. e4 Bg6 12. Be3 Qb6 13. Qd2 e5 14. dxe5 Bc5 15. Bxc5 Qxc5 16. Qd6 Qxe5 17. Qxe5+ Nxe5 18. f4 Nd7 19. Bc4 f6 20. Kf2 Bf7 21. Bxf7+ Kxf7 22. Rad1 Nc5 23. Rd4 Rhd8 24. Rhd1 Ke7 25. Ke3 Rxd4 26. Rxd4 Rd8 27. Rxd8 Kxd8 28. Kd4 Nb3+ 29. Kc4 Nd2+ 30. Kd3 Nb3 31. Kc4 1/2-1/2

[Event "Rustavi 06"]
[Site "Rustavi"]
[Date "2014.07.06"]
[Round "7"]
[White "Tskitishvili, Giorgi"]
[Black "Aghamaliyev, Cemil"]
[Result "1/2-1/2"]
[WhiteElo "2363"]
[BlackElo "2492"]
[PlyCount "42"]
[EventDate "2014.06.30"]
[EventType "tourn"]
[EventRounds "9"]
[EventCountry "GEO"]
[EventCategory "6"]
[SourceTitle "EXT 2016"]
[Source "ChessBase"]
[SourceDate "2015.10.08"]
[SourceVersion "1"]
[SourceVersionDate "2015.10.08"]
[SourceQuality "1"]

1. e4 e5 2. Nf3 Nf6 3. Nxe5 d6 4. Nf3 Nxe4 5. d4 d5 6. Bd3 Nc6 7. 0-0 Be7 8. c4 Nb4 9. Be2 0-0 10. Nc3 Bf5 11. a3 Nxc3 12. bxc3 Nc6 13. Re1 Re8 14. cxd5 Qxd5 15. Bf4 Rac8 16. h3 Be4 17. Be3 Na5 18. Ne5 Bf6 19. Ng4 Be7 20. Ne5 Bf6 21. Ng4 Be7 1/2-1/2

[Event "Rustavi 06"]
[Site "Rustavi"]
[Date "2014.07.05"]
[Round "6"]
[White "Rukhaia, Kartlos"]
[Black "Tskitishvili, Giorgi"]
[Result "1-0"]
[WhiteElo "2404"]
[BlackElo "2363"]
[PlyCount "79"]
[EventDate "2014.06.30"]
[EventType "tourn"]
[EventRounds "9"]
[EventCountry "GEO"]
[EventCategory "6"]
[SourceTitle "EXT 2016"]
[Source "ChessBase"]
[SourceDate "2015.10.08"]
[SourceVersion "1"]
[SourceVersionDate "2015.10.08"]
[SourceQuality "1"]

1. e4 e5 2. Nf3 Nf6 3. d4 Nxe4 4. Bd3 d5 5. Nxe5 Bd6 6. 0-0 0-0 7. c4 c6 8. Nc3 Nxc3 9. bxc3 Nd7 10. f4 Nf6 11. Qc2 dxc4 12. Bxc4 Be6 13. Bxe6 fxe6 14. Re1 Qc7 15. g3 Rfe8 16. Nf3 Re7 17. Qb3 Rae8 18. Bb2 b5 19. a4 a6 20. axb5 axb5 21. Ba3 Bxa3 22. Rxa3 g6 23. Ra6 Kg7 24. Ne5 Nd5 25. Rxc6 Qa5 26. Nd3 Rc7 27. Rxc7+ Nxc7 28. Nc5 Qa8 29. Qc2 Qa3 30. Re3 Nd5 31. Nxe6+ Kg8 32. Re5 Qxc3 33. Qe2 Qc4 34. Kf2 Qxe2+ 35. Kxe2 Nf6 36. Nc7 Rxe5+ 37. fxe5 Ng4 38. h3 Nh6 39. Nxb5 Kf7 40. d5 1-0

[Event "Rustavi 06"]
[Site "Rustavi"]
[Date "2014.07.02"]
[Round "3"]
[White "Tskitishvili, Giorgi"]
[Black "Kordzaia, Revaz"]
[Result "1-0"]
[WhiteElo "2363"]
[BlackElo "2110"]
[PlyCount "39"]
[EventDate "2014.06.30"]
[EventType "tourn"]
[EventRounds "9"]
[EventCountry "GEO"]
[EventCategory "6"]
[SourceTitle "EXT 2016"]
[Source "ChessBase"]
[SourceDate "2015.10.08"]
[SourceVersion "1"]
[SourceVersionDate "2015.10.08"]
[SourceQuality "1"]

1. e4 e5 2. f4 exf4 3. Nf3 g5 4. Bc4 g4 5. 0-0 gxf3 6. Qxf3 Bc5+ 7. Kh1 Qh4 8. d4 Bxd4 9. Bxf4 f6 10. e5 Nc6 11. exf6 Nxf6 12. Nd2 d6 13. Rae1+ Kd8 14. c3 Bb6 15. Bg3 Qg5 16. Qxf6+ Qxf6 17. Rxf6 Bg4 18. h3 Bh5 19. Be6 Re8 20. Bh4 1-0